000 00715nam a2200241Ia 4500
003 OSt
005 20220923220813.0
006 a|||||r|||| 00| 0
007 ta
008 220922b |||||||| |||| 00| 0 hin d
024 _a190,619
037 _cTextual
040 _aARTS
_cARTS
_bhin
041 _2hin
_ahin
082 _aR6, L3
100 _aबद्री नाथ सिंह
245 0 _aभारतीय दर्शन
246 _aBhāratīya darshana
260 _aवाराणसी
_b स्टॅडेझट्झ एण्ड क0
_c1973
300 _a422पृ.
_ccm.
942 _hR6, L3
_cTEXL
_2CC
999 _c343394
_d343394